000 00958nam a2200265Ia 4500
003 OSt
005 20220923222259.0
006 a|||||r|||| 00| 0
007 ta
008 220922b |||||||| |||| 00| 0 mar d
024 _a204,208
037 _cTextual
040 _aARTS
_cARTS
_bmar
041 _2mar
_amar
082 _aO155,3M94x, 152K5
100 _aफड़के, ना सी; परदेशी, माणिकलाल, अनु.
_9166556
245 0 _aप्रतिनिधि रचनाएं
_b मराठी साहित्य
246 _aPratinidhi rachanāean: marāṭhī sāhitya
250 _aसंस्क 2
260 _c1965
490 _aKkuihB yksdksn; xzaFkekyk( 204
650 _aमराठी साहित्य
942 _hO155,3M94x, 152K5
_cTEXL
_2CC
999 _c354957
_d354957